000
00233nam a2200109Ia 4500
008
220612s9999 xx 000 0 und d
245
0
_a
MANORAMA YEAR BOOK 2013
260
_c
2013
300
_a
1038
650
_a
Education
942
_c
BK
999
_c
6728
_d
6728